LDR 01025naa#a2200217#i#450# 001 RU\\bibl\123252 005 20260603061436.3 011 ## _a2782-5957 100 ## _a20260529b2026####ek#y0rusy0150####ca 102 ## _aRU 200 1# _aДИНАМИЧЕСКАЯ МОДЕЛЬ ЭКИПАЖНОЙ ЧАСТИ ТЕПЛОВОЗА 2ТЭ25А _eЖурнальная статья 210 1# _aБрянск _cБрянский государственный технический университет _d2026 215 ## _a11 с. 608 ## _aЖурнальная статья _2local 675 ## _aЛокомотивы в зависимости от их назначения. 629.421 _z 686 ## _aЖелезнодорожный транспорт. 392 _2bbk 700 #1 _aПерфильев _gКонстантин Степанович 700 #1 _aВолохов _gГригорий Михайлович 700 #1 _aЖуравлев _gСергей Николаевич 700 #1 _aОганьян _gЭдуард Сергеевич 856 4# _anaukaru.ru _u